| 000 | 00876nam a22003137a 4500 | ||
|---|---|---|---|
| 001 | 0060024 | ||
| 003 | KOHA_MİRAKIL | ||
| 005 | 20260207004248.0 | ||
| 007 | ta | ||
| 008 | 170228b2011 tu |||gr||||#||||0|tur | | ||
| 020 | _a9756331119 | ||
| 040 |
_aTR-BiSEU _btur _cTR-BiSEU _erda |
||
| 041 | 0 | _atur | |
| 044 | _ctu | ||
| 050 |
_aKKX3790 _b.T67 2011 |
||
| 100 | 1 | _aToroslu, Nevzat. | |
| 245 | 1 |
_aCeza hukuku : _bgenel kısım/ _cNevzat Toroslu ; Nevzat Toroslu. |
|
| 250 | _a16. Baskı | ||
| 264 | 1 |
_aAnkara : _bSavaş yayınevi _c2011 |
|
| 300 | _a474 sayfa; 23 cm. | ||
| 336 |
_ametin _btxt _2rdacontent |
||
| 337 |
_aaracısız _bn _2rdamedia |
||
| 338 |
_acilt _bnc _2rdacarrier |
||
| 650 | 0 |
_aCeza hukuku--Türkiye. _96941 |
|
| 650 | 0 |
_aCeza hukuku. _922821 |
|
| 650 | 0 |
_aCriminal law--Turkey. _96942 |
|
| 650 | 0 |
_aCriminal law. _922822 |
|
| 942 |
_2lcc _cBK |
||
| 999 |
_c59828 _d59828 |
||